000 00465nam a22001817a 4500
003 CEME
005 20210628210453.0
008 210201b xxu||||| |||| 00| 0 eng d
020 _a0-07-460370-1
040 _c.
082 _a621.46 SUB
100 _aSubrahmanyam, Vedam
_956253
245 _aElectric drives,concepts and applications
260 _aDELHI
_bTATA MCGRAW HILL
_c2004
300 _aXI,715P
650 _aELECTRIC DRIVES
_956254
942 _cBK
_2ddc
999 _c584551
_d584551